Angels in the workplace : (Record no. 3021)
[ view plain ]
| 000 -LEADER | |
|---|---|
| fixed length control field | 00877cam a22003018a 4500 |
| 001 - CONTROL NUMBER | |
| control field | 3021 |
| 003 - CONTROL NUMBER IDENTIFIER | |
| control field | BD-DhBUF |
| 005 - DATE AND TIME OF LATEST TRANSACTION | |
| control field | 20260301121757.0 |
| 008 - FIXED-LENGTH DATA ELEMENTS--GENERAL INFORMATION | |
| fixed length control field | 981005s1999 cau 000 0 eng |
| 015 ## - NATIONAL BIBLIOGRAPHY NUMBER | |
| National bibliography number | GB98-V8476 |
| 016 7# - NATIONAL BIBLIOGRAPHIC AGENCY CONTROL NUMBER | |
| Record control number | 078794369x |
| Source | Uk |
| 020 ## - INTERNATIONAL STANDARD BOOK NUMBER | |
| International Standard Book Number | 078794369X : |
| Terms of availability | £14.49 |
| 035 ## - SYSTEM CONTROL NUMBER | |
| System control number | (Uk)gb 980V8476 |
| 035 ## - SYSTEM CONTROL NUMBER | |
| System control number | 0060-54060 |
| 035 ## - SYSTEM CONTROL NUMBER | |
| System control number | 85967 |
| 035 ## - SYSTEM CONTROL NUMBER | |
| System control number | (StEdNL)2920514-nlsdb-Voyager |
| 040 ## - CATALOGING SOURCE | |
| Original cataloging agency | BDS |
| Transcribing agency | BDS |
| Modifying agency | Uk |
| 082 04 - DEWEY DECIMAL CLASSIFICATION NUMBER | |
| Classification number | 658.3145 |
| Edition number | 21 |
| 100 1# - MAIN ENTRY--PERSONAL NAME | |
| Personal name | Giovagnoli, Melissa. |
| 9 (RLIN) | 4359 |
| 245 10 - TITLE STATEMENT | |
| Title | Angels in the workplace : |
| Remainder of title | stories and inspirations for creating a new world of work / |
| Statement of responsibility, etc. | Melissa Giovagnoli. |
| 260 ## - PUBLICATION, DISTRIBUTION, ETC. | |
| Place of publication, distribution, etc. | San Francisco, Calif. : |
| Name of publisher, distributor, etc. | Jossey-Bass, |
| Date of publication, distribution, etc. | 1999. |
| 263 ## - PROJECTED PUBLICATION DATE | |
| Projected publication date | 9812 |
| 300 ## - PHYSICAL DESCRIPTION | |
| Extent | 224 p. : |
| Dimensions | 21 cm. ; |
| 650 #0 - SUBJECT ADDED ENTRY--TOPICAL TERM | |
| Topical term or geographic name entry element | Interpersonal relations. |
| Source of heading or term | Psychology |
| 9 (RLIN) | 600 |
| 650 #0 - SUBJECT ADDED ENTRY--TOPICAL TERM | |
| Source of heading or term | Angels |
| 650 #0 - SUBJECT ADDED ENTRY--TOPICAL TERM | |
| Topical term or geographic name entry element | Work environment. |
| 942 ## - ADDED ENTRY ELEMENTS (KOHA) | |
| Source of classification or shelving scheme | Dewey Decimal Classification |
| Koha item type | Books |
| Withdrawn status | Lost status | Source of classification or shelving scheme | Damaged status | Not for loan | Home library | Current library | Date acquired | Total Checkouts | Full call number | Barcode | Date last seen | Copy number | Price effective from | Koha item type |
|---|---|---|---|---|---|---|---|---|---|---|---|---|---|---|
| Dewey Decimal Classification | BUFT Library | BUFT Library | 04/23/2002 | 658.3145 | 2002-0073 | 03/01/2026 | C-1 | 03/01/2026 | Books |
